[Event "Robecchetto op-B 25th"]
[Site "Robecchetto"]
[Date "2014.12.29"]
[Round "5"]
[White "Biancotti, Alessandro"]
[Black "Primerano, Carlo"]
[Result "1-0"]
[WhiteElo "1874"]
[BlackElo "1719"]
[PlyCount "87"]
[EventDate "2014.12.26"]
[EventType "swiss"]
[EventRounds "6"]
[EventCountry "ITA"]
[SourceTitle "EXT 2017"]
[Source "ChessBase"]
[SourceDate "2016.10.25"]
[SourceVersion "1"]
[SourceVersionDate "2016.10.25"]
[SourceQuality "1"]

1. e4 d5 2. exd5 Qxd5 3. Nf3 Nf6 4. d4 c6 5. Be2 g6 6. 0-0 Bg7 7. c3 0-0 8. Bf4 Bg4 9. Nbd2 Nbd7 10. Re1 Rfe8 11. Nb3 Nb6 12. h3 Bf5 13. Nc5 Bc8 14. a4 a5 15. Ne5 Qd8 16. Qb3 Nbd5 17. Bh2 Nd7 18. Nexd7 Bxd7 19. Qxb7 Nf6 20. Bf3 Qc8 21. Qxc8 Raxc8 22. Nb3 e6 23. Nxa5 c5 24. dxc5 Rxc5 25. Nb7 Rf5 26. Nd6 Rxf3 27. Nxe8 Rd3 28. Nxg7 Kxg7 29. a5 Nd5 30. Red1 Rxd1+ 31. Rxd1 Bb5 32. Be5+ f6 33. Bd4 Nf4 34. Be3 Nd5 35. Rc1 Bc4 36. Ra1 Kf7 37. a6 Nc7 38. a7 Na8 39. Ra4 Bd5 40. c4 Bc6 41. Ra3 Ke8 42. b4 Nc7 43. b5 Bb7 44. c5 1-0

[Event "Robecchetto op-B 25th"]
[Site "Robecchetto"]
[Date "2014.12.27"]
[Round "3"]
[White "Primerano, Carlo"]
[Black "Turchi, Alessandro"]
[Result "1-0"]
[WhiteElo "1719"]
[BlackElo "1642"]
[PlyCount "87"]
[EventDate "2014.12.26"]
[EventType "swiss"]
[EventRounds "6"]
[EventCountry "ITA"]
[SourceTitle "EXT 2017"]
[Source "ChessBase"]
[SourceDate "2016.10.25"]
[SourceVersion "1"]
[SourceVersionDate "2016.10.25"]
[SourceQuality "1"]

1. d4 Nf6 2. c4 e6 3. Nc3 Bb4 4. Qc2 d5 5. e3 0-0 6. Nge2 c5 7. a3 Bxc3+ 8. bxc3 b6 9. Ng3 Bb7 10. f3 Nbd7 11. cxd5 Nxd5 12. e4 N5f6 13. Bd3 cxd4 14. cxd4 Rc8 15. Qd2 Nb8 16. Bb2 Nc6 17. Ne2 Qd7 18. 0-0 Na5 19. Qb4 Rc7 20. Rac1 Nc6 21. Qb3 Rfc8 22. Qa2 Ne8 23. Rfd1 Nd6 24. Ng3 Na5 25. Rxc7 Rxc7 26. Rc1 Rxc1+ 27. Bxc1 Qa4 28. Be3 Qd1+ 29. Bf1 Ndc4 30. Kf2 Nxe3 31. Kxe3 Nb3 32. Qb2 Na5 33. Qc3 Qa4 34. Qc7 Qxa3+ 35. Kf4 g6 36. Qb8+ Kg7 37. Qxa7 Qc1+ 38. Kg4 g5 39. Qb8 Nc6 40. Qd6 Kg6 41. d5 f6 42. dxc6 e5 43. Nh5 Qxf1 44. Qxf6# 1-0

[Event "Milan Befana op-B"]
[Site "Milan"]
[Date "2014.01.06"]
[Round "6"]
[White "Primerano, Carlo"]
[Black "Marchioro, Luigi"]
[Result "0-1"]
[WhiteElo "1737"]
[BlackElo "1872"]
[PlyCount "86"]
[EventDate "2014.01.02"]
[EventType "swiss"]
[EventRounds "7"]
[EventCountry "ITA"]
[SourceTitle "EXT 2015"]
[Source "ChessBase"]
[SourceDate "2014.11.20"]
[SourceVersion "1"]
[SourceVersionDate "2014.11.20"]
[SourceQuality "1"]

1. d4 d6 2. c4 e5 3. d5 f5 4. Nc3 Nf6 5. Qc2 Be7 6. e4 fxe4 7. Nxe4 Nxe4 8. Qxe4 0-0 9. Bd2 Bf5 10. Qe3 Nd7 11. 0-0-0 Nc5 12. f3 c6 13. b4 Nd7 14. Bd3 cxd5 15. Bxf5 Rxf5 16. cxd5 Rf4 17. Kb1 Rc4 18. Ne2 Nb6 19. Qd3 Rac8 20. Rc1 Qd7 21. Rxc4 Nxc4 22. Rc1 b5 23. Nc3 a6 24. Ne4 Qf5 25. Ka1 Qg6 26. Qe2 h6 27. Rc3 Bd8 28. g3 Bb6 29. Be3 Bxe3 30. Rxe3 Nxe3 31. Qxe3 Rc4 32. a3 Rd4 33. Qc3 Rxd5 34. Qc8+ Kh7 35. Qxa6 Rd1+ 36. Kb2 d5 37. Qxg6+ Kxg6 38. Kc2 dxe4 39. Kxd1 exf3 40. Kd2 Kf6 41. a4 bxa4 42. b5 Ke6 43. b6 Kd7 0-1

[Event "Milan Befana op-B"]
[Site "Milan"]
[Date "2014.01.05"]
[Round "4"]
[White "Primerano, Carlo"]
[Black "Neri, Angelo"]
[Result "0-1"]
[WhiteElo "1737"]
[BlackElo "1894"]
[PlyCount "58"]
[EventDate "2014.01.02"]
[EventType "swiss"]
[EventRounds "7"]
[EventCountry "ITA"]
[SourceTitle "EXT 2015"]
[Source "ChessBase"]
[SourceDate "2014.11.20"]
[SourceVersion "1"]
[SourceVersionDate "2014.11.20"]
[SourceQuality "1"]

1. d4 f5 2. c4 Nf6 3. Nc3 g6 4. Nf3 Bg7 5. g3 0-0 6. Bg2 d6 7. 0-0 Qe8 8. d5 Na6 9. Nd4 Nc5 10. Ncb5 Qd8 11. Rb1 a6 12. Nc3 e5 13. dxe6 c6 14. Bf4 Nh5 15. Bc1 Nxe6 16. Nf3 Nc5 17. Bg5 Qc7 18. Qd2 Be6 19. Rfd1 Bxc4 20. Qxd6 Qxd6 21. Rxd6 Bxc3 22. bxc3 Bxe2 23. Nd4 Bc4 24. a3 Rfe8 25. Bf3 Rab8 26. Nxf5 Bd3 27. Nh6+ Kg7 28. Rb4 Re1+ 29. Kg2 Bf1+ 0-1

[Event "Milan Befana op-B"]
[Site "Milan"]
[Date "2014.01.04"]
[Round "3"]
[White "Nordio, Giorgio"]
[Black "Primerano, Carlo"]
[Result "1/2-1/2"]
[WhiteElo "1682"]
[BlackElo "1737"]
[PlyCount "46"]
[EventDate "2014.01.02"]
[EventType "swiss"]
[EventRounds "7"]
[EventCountry "ITA"]
[SourceTitle "EXT 2015"]
[Source "ChessBase"]
[SourceDate "2014.11.20"]
[SourceVersion "1"]
[SourceVersionDate "2014.11.20"]
[SourceQuality "1"]

1. c4 Nf6 2. g3 g6 3. Bg2 Bg7 4. Nc3 c6 5. b3 d6 6. Bb2 0-0 7. Nf3 e5 8. d3 Na6 9. e4 Bd7 10. 0-0 Nh5 11. Nh4 Bf6 12. Nf3 Nc7 13. Bc1 Ne6 14. Rb1 Bg7 15. Ba3 Qc7 16. Nh4 Nd4 17. b4 Rfd8 18. Ne2 Nxe2+ 19. Qxe2 Bf8 20. Bb2 Bg7 21. Bc3 Nf6 22. a4 a6 23. Qb2 Ne8 1/2-1/2

[Event "Milan Befana op-B"]
[Site "Milan"]
[Date "2014.01.02"]
[Round "1"]
[White "Pasini, Nicolo"]
[Black "Primerano, Carlo"]
[Result "0-1"]
[WhiteElo "1434"]
[BlackElo "1737"]
[PlyCount "42"]
[EventDate "2014.01.02"]
[EventType "swiss"]
[EventRounds "7"]
[EventCountry "ITA"]
[SourceTitle "EXT 2015"]
[Source "ChessBase"]
[SourceDate "2014.11.20"]
[SourceVersion "1"]
[SourceVersionDate "2014.11.20"]
[SourceQuality "1"]

1. e4 d6 2. d4 Nf6 3. Nc3 g6 4. Nf3 Bg7 5. Be3 0-0 6. h3 c6 7. Qd2 Qa5 8. Be2 Nbd7 9. Bh6 e5 10. Bxg7 Kxg7 11. g4 b5 12. g5 Ne8 13. h4 b4 14. Nd1 c5 15. dxe5 dxe5 16. Nxe5 Nxe5 17. Qd5 b3+ 18. Nc3 Nc7 19. Qxe5+ Kg8 20. cxb3 Re8 21. Qf4 Ne6 0-1

[Event "Milan Crespi op-B 34th"]
[Site "Milan"]
[Date "2013.12.08"]
[Round "6"]
[White "Primerano, Carlo"]
[Black "Bejo, Armand"]
[Result "1-0"]
[WhiteElo "1723"]
[BlackElo "1609"]
[PlyCount "129"]
[EventDate "2013.12.04"]
[EventType "swiss"]
[EventRounds "7"]
[EventCountry "ITA"]
[SourceTitle "EXT 2015"]
[Source "ChessBase"]
[SourceDate "2014.11.20"]
[SourceVersion "1"]
[SourceVersionDate "2014.11.20"]
[SourceQuality "1"]

1. d4 Nf6 2. c4 e6 3. Nc3 Bb4 4. Qc2 b6 5. a3 Bxc3+ 6. Qxc3 Bb7 7. Bg5 d5 8. f3 dxc4 9. e3 Nbd7 10. Bxc4 0-0 11. Ne2 Rc8 12. 0-0 c5 13. Ba2 Qe8 14. e4 h6 15. Bh4 cxd4 16. Qxd4 Ba6 17. Rfe1 Rc2 18. Kf2 Qb8 19. Bg3 Qc8 20. Bb3 Rxe2+ 21. Rxe2 Bxe2 22. Kxe2 Qa6+ 23. Qc4 b5 24. Qb4 Rc8 25. Bf2 Ne5 26. Rd1 Ne8 27. Ke1 Nc6 28. Qd2 Rd8 29. Qe2 Rxd1+ 30. Qxd1 Qb7 31. Ba2 g6 32. Qd2 Kg7 33. Be3 g5 34. h4 Qc7 35. hxg5 Qg3+ 36. Qf2 Qxf2+ 37. Kxf2 h5 38. f4 a6 39. Kf3 Nd6 40. Bc5 Nc4 41. Bxc4 bxc4 42. Ke3 Kg6 43. g3 f5 44. gxf6 Kxf6 45. Bd4+ Kg6 46. Bc5 Kf6 47. Kd2 e5 48. f5 Nd4 49. Bb6 Nb5 50. a4 Nd6 51. Bd8+ Kf7 52. Ke3 Ke8 53. Bf6 Nf7 54. Kf3 Kd7 55. g4 hxg4+ 56. Kxg4 Kd6 57. Kh5 Kc5 58. Be7+ Kd4 59. Kg6 Kxe4 60. f6 c3 61. bxc3 Kd5 62. Kxf7 e4 63. Kg7 e3 64. f7 e2 65. Bh4 1-0

[Event "Milan Crespi op-B 34th"]
[Site "Milan"]
[Date "2013.12.07"]
[Round "5"]
[White "Macri`, Vincenzo Roberto"]
[Black "Primerano, Carlo"]
[Result "0-1"]
[WhiteElo "1561"]
[BlackElo "1723"]
[PlyCount "126"]
[EventDate "2013.12.04"]
[EventType "swiss"]
[EventRounds "7"]
[EventCountry "ITA"]
[SourceTitle "EXT 2015"]
[Source "ChessBase"]
[SourceDate "2014.11.20"]
[SourceVersion "1"]
[SourceVersionDate "2014.11.20"]
[SourceQuality "1"]

1. e4 d6 2. f4 Nf6 3. Bc4 Nxe4 4. Nf3 d5 5. Bb3 c6 6. d3 Nc5 7. Be3 Nxb3 8. axb3 a6 9. Nbd2 Bg4 10. h3 Bxf3 11. Qxf3 Nd7 12. f5 Nf6 13. Qf2 e6 14. fxe6 fxe6 15. 0-0 Be7 16. Bb6 Qd7 17. Nf3 Bd6 18. Ng5 0-0 19. Rae1 e5 20. Qh4 h6 21. Nf3 e4 22. dxe4 Nxe4 23. Be3 Bg3 24. Ne5 Bxh4 25. Nxd7 Bxe1 26. Nxf8 Bb4 27. Ne6 Re8 28. Nf4 g5 29. Nd3 Bd6 30. Rf3 Rf8 31. Rxf8+ Kxf8 32. h4 Kf7 33. Nf2 Nxf2 34. Kxf2 Kg6 35. hxg5 hxg5 36. Kf3 Kf5 37. g4+ Kg6 38. Bf2 c5 39. Be1 Bf4 40. Bc3 Bc1 41. Be5 b5 42. Bd6 c4 43. bxc4 dxc4 44. Be5 Bd2 45. Ke2 Bf4 46. Bc3 Kf7 47. Kf3 Ke6 48. b3 cxb3 49. cxb3 Kd5 50. Ke2 Be5 51. Bd2 Bf4 52. Bc3 Ke4 53. Bb2 Be5 54. Bc1 Bf6 55. Be3 a5 56. Bd2 a4 57. bxa4 bxa4 58. Bc1 Be7 59. Kf2 a3 60. Kg2 a2 61. Bb2 Bd6 62. Bf6 Bf4 63. Bb2 Be5 0-1

[Event "Milan Crespi op-B 34th"]
[Site "Milan"]
[Date "2013.12.07"]
[Round "4"]
[White "Primerano, Carlo"]
[Black "Da Campo, Giuseppe"]
[Result "0-1"]
[WhiteElo "1723"]
[BlackElo "1628"]
[PlyCount "54"]
[EventDate "2013.12.04"]
[EventType "swiss"]
[EventRounds "7"]
[EventCountry "ITA"]
[SourceTitle "EXT 2015"]
[Source "ChessBase"]
[SourceDate "2014.11.20"]
[SourceVersion "1"]
[SourceVersionDate "2014.11.20"]
[SourceQuality "1"]

1. d4 Nf6 2. c4 g6 3. Nc3 Bg7 4. e4 d6 5. f3 0-0 6. Be3 c6 7. Qd2 Re8 8. Bd3 e5 9. d5 c5 10. Nge2 Na6 11. 0-0-0 Nb4 12. g4 Nxd3+ 13. Qxd3 Kh8 14. Ng3 Bd7 15. h4 Ng8 16. h5 Qf6 17. hxg6 fxg6 18. Qe2 Rf8 19. Rdf1 Rf7 20. Qh2 Bf8 21. g5 Qg7 22. Qd2 Be7 23. Rxh7+ Kxh7 24. Rh1+ Nh6 25. Rxh6+ Kg8 26. Qh2 Rxf3 27. Kd2 Rxe3 0-1

[Event "Como Province-ch"]
[Site "Villa Guardia"]
[Date "2013.01.20"]
[Round "2"]
[White "Primerano, Carlo"]
[Black "Grassetto, Gilberto"]
[Result "1-0"]
[WhiteElo "1784"]
[BlackElo "1859"]
[PlyCount "77"]
[EventDate "2013.01.19"]
[EventType "swiss"]
[EventRounds "6"]
[EventCountry "ITA"]
[SourceTitle "EXT 2014"]
[Source "ChessBase"]
[SourceDate "2013.11.20"]
[SourceVersion "1"]
[SourceVersionDate "2013.11.20"]
[SourceQuality "1"]

1. d4 d5 2. c4 c6 3. cxd5 cxd5 4. Nc3 Nf6 5. Nf3 e6 6. Bf4 a6 7. e3 Bd7 8. Bd3 Be7 9. Ne5 Nc6 10. 0-0 0-0 11. Rc1 Rc8 12. a3 b5 13. b4 Ne8 14. Bb1 Nd6 15. Qd3 f5 16. Nxc6 Rxc6 17. Bxd6 Bxd6 18. Ne2 Qb8 19. g3 Rfc8 20. Rxc6 Rxc6 21. Rc1 Rxc1+ 22. Nxc1 Qb6 23. Nb3 g6 24. Nc5 Bc8 25. f4 a5 26. Kf2 axb4 27. axb4 Kf7 28. Qa3 Bxc5 29. dxc5 Qa6 30. Qxa6 Bxa6 31. Ke2 h6 32. Kd3 Kf6 33. Kd4 g5 34. Bd3 gxf4 35. exf4 Ke7 36. Ke5 Kf7 37. Kd6 Kf6 38. c6 d4 39. c7 1-0

[Event "Como Province-ch"]
[Site "Villa Guardia"]
[Date "2013.01.20"]
[Round "3"]
[White "Puppi, Simone"]
[Black "Primerano, Carlo"]
[Result "1/2-1/2"]
[WhiteElo "1551"]
[BlackElo "1784"]
[PlyCount "135"]
[EventDate "2013.01.19"]
[EventType "swiss"]
[EventRounds "6"]
[EventCountry "ITA"]
[SourceTitle "EXT 2014"]
[Source "ChessBase"]
[SourceDate "2013.11.20"]
[SourceVersion "1"]
[SourceVersionDate "2013.11.20"]
[SourceQuality "1"]

1. e4 c5 2. Nf3 e6 3. c3 Nf6 4. e5 Nd5 5. d4 cxd4 6. Nxd4 Nc6 7. Nxc6 bxc6 8. Bc4 d6 9. exd6 Bxd6 10. 0-0 0-0 11. Nd2 Nf6 12. Nf3 Qc7 13. g3 a5 14. Bg5 Nd7 15. Bb3 Bb7 16. Bc2 c5 17. Nd2 Ne5 18. Qh5 g6 19. Qh4 Nf3+ 20. Nxf3 Bxf3 21. Bf6 Rfe8 22. Be4 Bxe4 23. Qxe4 Be7 24. Be5 Qb6 25. b3 Rad8 26. Rad1 f6 27. Bf4 Kg7 28. Qc2 e5 29. Rxd8 Rxd8 30. Be3 Qd6 31. h3 Qd3 32. Rc1 c4 33. bxc4 Qxc4 34. Qb3 Qa6 35. c4 e4 36. c5 Rc8 37. Qb6 Qa8 38. c6 Bd6 39. Qa7+ Qxa7 40. Bxa7 Bc7 41. Rd1 h5 42. Kf1 Kf7 43. a4 Ke6 44. Rd7 Bd6 45. Rg7 g5 46. Bb6 Rxc6 47. Bxa5 Rc4 48. Rg6 Rxa4 49. Bc3 Be5 50. Bd2 Kf5 51. Rg8 Ra2 52. Be3 Ra1+ 53. Kg2 Ra4 54. Re8 Bd4 55. g4+ hxg4 56. hxg4+ Kxg4 57. Rxe4+ Kf5 58. Rxd4 Rxd4 59. Bxd4 Ke6 60. Kf3 f5 61. Kg3 Kd5 62. Be3 g4 63. Bf4 Ke6 64. Bg5 Ke5 65. Bf4+ Ke4 66. Be3 Ke5 67. Bf4+ Ke4 68. Bd6 1/2-1/2

[Event "Como Province-ch"]
[Site "Villa Guardia"]
[Date "2013.01.19"]
[Round "1"]
[White "Aldeghi, Damiano"]
[Black "Primerano, Carlo"]
[Result "1-0"]
[WhiteElo "1434"]
[BlackElo "1784"]
[PlyCount "67"]
[EventDate "2013.01.19"]
[EventType "swiss"]
[EventRounds "6"]
[EventCountry "ITA"]
[SourceTitle "EXT 2014"]
[Source "ChessBase"]
[SourceDate "2013.11.20"]
[SourceVersion "1"]
[SourceVersionDate "2013.11.20"]
[SourceQuality "1"]

1. e4 c5 2. Nf3 e6 3. Bc4 Nc6 4. Nc3 a6 5. a3 Qc7 6. d4 cxd4 7. Nxd4 Nf6 8. 0-0 Be7 9. Re1 0-0 10. Bb3 Re8 11. Be3 d6 12. Nf3 b5 13. h3 Bb7 14. Qd3 Rac8 15. Ng5 Ne5 16. Qd4 h6 17. Nxe6 fxe6 18. Bxe6+ Kh8 19. Bxc8 Rxc8 20. Rad1 Nc4 21. Bc1 Kh7 22. Rd3 Nd7 23. Nd5 Bxd5 24. exd5 Bf6 25. Qe4+ g6 26. Rg3 Nce5 27. f4 Nc5 28. Qe3 Nc4 29. Qf3 Bh4 30. Rxg6 Kxg6 31. Qg4+ Kh7 32. Qxh4 Kg7 33. Re2 Qb6 34. Qg4+ 1-0

[Event "Milan Crespi op-B 33rd"]
[Site "Milan"]
[Date "2012.12.08"]
[Round "5"]
[White "Primerano, Carlo"]
[Black "Dassisti, Alberto"]
[Result "1-0"]
[WhiteElo "1773"]
[BlackElo "1921"]
[PlyCount "104"]
[EventDate "2012.12.05"]
[EventType "swiss"]
[EventRounds "7"]
[EventCountry "ITA"]
[SourceTitle "EXT 2015"]
[Source "ChessBase"]
[SourceDate "2014.11.20"]
[SourceVersion "1"]
[SourceVersionDate "2014.11.20"]
[SourceQuality "1"]

1. d4 d5 2. c4 e6 3. Nc3 Nf6 4. cxd5 exd5 5. Bg5 Be7 6. Qc2 0-0 7. e3 Nbd7 8. Nf3 Re8 9. Bd3 c5 10. 0-0 h6 11. Bh4 a6 12. a4 b6 13. Rfd1 cxd4 14. exd4 Bb7 15. Re1 Rc8 16. Qb3 g5 17. Bg3 Nf8 18. Bf5 Rc4 19. Rad1 Nh5 20. Ne5 Nxg3 21. hxg3 Rb4 22. Qc2 Bc8 23. Nc6 Bxf5 24. Qxf5 Qd6 25. Nxb4 Qxb4 26. Nxd5 Qb3 27. Rd2 Ne6 28. Nxe7+ Rxe7 29. d5 Rd7 30. Rxe6 fxe6 31. Qxe6+ Rf7 32. Qg6+ Rg7 33. Qxh6 Qc4 34. Qe6+ Rf7 35. Re2 Qc1+ 36. Re1 Qxb2 37. Qg6+ Qg7 38. Qxg7+ Kxg7 39. f3 Kg6 40. Re3 Rf6 41. Kf2 Rd6 42. Rd3 Kf5 43. Ke3 Rd8 44. Kd4 Rd6 45. Rc3 Kf6 46. Rc6 Ke7 47. Rxd6 Kxd6 48. f4 b5 49. axb5 axb5 50. fxg5 b4 51. g6 b3 52. Kc3 Kxd5 1-0

[Event "Villa Guardia D Oro Cup 30th"]
[Site "Villa Guardia"]
[Date "2012.11.01"]
[Round "2"]
[White "Primerano, Carlo"]
[Black "Orlando, Luigi"]
[Result "1-0"]
[WhiteElo "1746"]
[BlackElo "1873"]
[PlyCount "71"]
[EventDate "2012.11.01"]
[EventType "swiss"]
[EventRounds "6"]
[EventCountry "ITA"]
[SourceTitle "EXT 2014"]
[Source "ChessBase"]
[SourceDate "2013.11.20"]
[SourceVersion "1"]
[SourceVersionDate "2013.11.20"]
[SourceQuality "1"]

1. d4 Nf6 2. c4 g6 3. Nc3 Bg7 4. e4 d6 5. f3 0-0 6. Be3 e5 7. d5 a5 8. Qd2 Na6 9. Nge2 Bd7 10. g4 a4 11. h4 c6 12. Ng3 cxd5 13. cxd5 h5 14. gxh5 Nxh5 15. Nxh5 gxh5 16. Bh6 f6 17. Rg1 Rf7 18. Qg2 Qf8 19. Bb5 Bxb5 20. Nxb5 Rd8 21. Kd2 Kh7 22. Bxg7 Rxg7 23. Qxg7+ Qxg7 24. Rxg7+ Kxg7 25. Rc1 Nc5 26. Nxd6 b6 27. Nf5+ Kf7 28. Rg1 Ne6 29. Ke3 Nf4 30. Rg7+ Kf8 31. Rb7 Rc8 32. Kd2 Rd8 33. Rxb6 Nxd5 34. exd5 Rxd5+ 35. Ke3 Kf7 36. Ra6 1-0

[Event "Como Primavera op 7th"]
[Site "Como"]
[Date "2012.05.31"]
[Round "7"]
[White "Ghelfi, Giancarlo"]
[Black "Primerano, Carlo"]
[Result "0-1"]
[WhiteElo "1667"]
[BlackElo "1751"]
[PlyCount "78"]
[EventDate "2012.04.19"]
[EventType "swiss"]
[EventRounds "7"]
[EventCountry "ITA"]
[SourceTitle "EXT 2024"]
[Source "ChessBase"]
[SourceDate "2023.10.10"]
[SourceVersion "1"]
[SourceVersionDate "2023.10.10"]
[SourceQuality "1"]

1. e4 c5 2. Nf3 e6 3. d4 cxd4 4. Nxd4 Nc6 5. Nc3 a6 6. g3 Qc7 7. Bg2 Nf6 8. 0-0 Be7 9. a4 0-0 10. Kh1 d6 11. f4 Bd7 12. Be3 Rac8 13. Nb3 b6 14. Qe2 Nb4 15. Rfd1 Bc6 16. Rd4 d5 17. e5 Ne4 18. Nxe4 dxe4 19. c3 Nd5 20. Bxe4 Nxe3 21. Qxe3 Rfd8 22. Rc4 Bxe4+ 23. Rxe4 Qc6 24. Rc1 Rd7 25. Kg2 Rcd8 26. Kh3 Rd3 27. Qe2 Qc8 28. Rc2 R3d5 29. Rc4 Qd7 30. Nd4 Bc5 31. Nf3 b5 32. axb5 axb5 33. Re4 f5 34. exf6 e5+ 35. Kg2 exf4 36. b4 Bd6 37. f7+ Qxf7 38. Ne5 Bxe5 39. Rxe5 f3+ 0-1

[Event "Como Province-ch"]
[Site "Como"]
[Date "2012.01.29"]
[Round "6"]
[White "Carbone, Lorenzo"]
[Black "Primerano, Carlo"]
[Result "1-0"]
[WhiteElo "1698"]
[BlackElo "1774"]
[PlyCount "59"]
[EventDate "2012.01.21"]
[EventType "swiss"]
[EventRounds "6"]
[EventCountry "ITA"]
[SourceTitle "EXT 2024"]
[Source "ChessBase"]
[SourceDate "2023.10.10"]
[SourceVersion "1"]
[SourceVersionDate "2023.10.10"]
[SourceQuality "1"]

1. e4 c5 2. Nf3 e6 3. d4 cxd4 4. Nxd4 Nc6 5. Nb3 Nf6 6. Bd3 a6 7. 0-0 Qc7 8. Be3 Ne5 9. Bf4 d6 10. Nc3 Be7 11. h3 0-0 12. Be3 b5 13. a3 Bb7 14. Nd2 Nc4 15. Qc1 Nxe3 16. fxe3 Rac8 17. Nf3 d5 18. exd5 Nxd5 19. Nxd5 Bxd5 20. Qe1 Bc5 21. Kh1 Qb6 22. Bxh7+ Kxh7 23. Qh4+ Kg8 24. Ng5 Bxg2+ 25. Kxg2 Qc6+ 26. e4 Rfd8 27. Qh7+ Kf8 28. Rxf7+ Ke8 29. Qg8+ Bf8 30. Qxf8# 1-0

[Event "Como Province-ch"]
[Site "Como"]
[Date "2012.01.22"]
[Round "3"]
[White "Primerano, Carlo"]
[Black "Moroni, Luca Jr"]
[Result "0-1"]
[WhiteElo "1774"]
[BlackElo "2061"]
[PlyCount "112"]
[EventDate "2012.01.21"]
[EventType "swiss"]
[EventRounds "6"]
[EventCountry "ITA"]
[SourceTitle "EXT 2024"]
[Source "ChessBase"]
[SourceDate "2023.10.10"]
[SourceVersion "1"]
[SourceVersionDate "2023.10.10"]
[SourceQuality "1"]

1. d4 d5 2. c4 e6 3. Nc3 c6 4. cxd5 exd5 5. Bf4 Bd6 6. Bxd6 Qxd6 7. e3 Bf5 8. Bd3 Ne7 9. g4 Bxd3 10. Qxd3 Nd7 11. 0-0-0 b5 12. Nce2 a5 13. e4 dxe4 14. Qxe4 Nf6 15. Qf3 Qd5 16. Qxd5 Nexd5 17. f3 h6 18. Nh3 0-0-0 19. Rhe1 Rhe8 20. Nc3 Nxc3 21. bxc3 Nd5 22. Kd2 Nb6 23. Kc2 Nc4 24. Kc1 Ne3 25. Rd2 Nd5 26. Rxe8 Rxe8 27. Kc2 Re3 28. Rd3 Re1 29. Rd2 Ra1 30. Kd3 b4 31. cxb4 Nxb4+ 32. Kc3 Rxa2 33. Rxa2 Nxa2+ 34. Kb2 Nb4 35. Kb3 Kc7 36. Nf2 Kd6 37. Kc4 Nd5 38. Ne4+ Kd7 39. Nc5+ Kc7 40. Ne4 Ne3+ 41. Kb3 Nf1 42. h3 Nh2 43. Nd2 Kd6 44. Kc4 g5 45. Ne4+ Kc7 46. Nd2 a4 47. Kb4 Kd6 48. Kxa4 Kd5 49. Kb4 Kxd4 50. Nb3+ Ke5 51. Kc5 Nxf3 52. Kxc6 Nd4+ 53. Nxd4 Kxd4 54. Kd6 Ke4 55. Ke7 f5 56. gxf5 Kxf5 0-1

[Event "Milan Crespi op-B 31th"]
[Site "Milan"]
[Date "2010.12.08"]
[Round "7"]
[White "Marchini, Daniele"]
[Black "Primerano, Carlo"]
[Result "0-1"]
[WhiteElo "1847"]
[BlackElo "1763"]
[PlyCount "92"]
[EventDate "2010.12.04"]
[EventType "swiss"]
[EventRounds "7"]
[EventCountry "ITA"]
[SourceTitle "EXT 2024"]
[Source "ChessBase"]
[SourceDate "2023.10.10"]
[SourceVersion "1"]
[SourceVersionDate "2023.10.10"]
[SourceQuality "1"]

1. d4 d5 2. c4 e6 3. Nc3 c6 4. e3 f5 5. Nf3 Nf6 6. Bd3 Bd6 7. 0-0 0-0 8. Nd2 Ne4 9. cxd5 exd5 10. f4 Nxd2 11. Bxd2 Rf6 12. Qc2 Be6 13. Rf3 Nd7 14. Raf1 Qf8 15. Rg3 Rg6 16. Rff3 Rxg3 17. Rxg3 Qf6 18. Rg5 Rf8 19. Qd1 h6 20. Rg3 Qf7 21. Be2 Nf6 22. Be1 Ne4 23. Nxe4 dxe4 24. Bh5 Qd7 25. b3 Bf7 26. h3 Qe8 27. Bxf7+ Qxf7 28. Bc3 Kh7 29. d5 g6 30. dxc6 Be7 31. c7 Bh4 32. Be5 Bxg3 33. Qd8 Qe8 34. Bf6 Bh4 35. c8Q Qxd8 36. Bxd8 Rxd8 37. Qxb7+ Kh8 38. Kh2 Rd3 39. Qxa7 g5 40. Qb8+ Kg7 41. Qc7+ Kg6 42. Qc6+ Kg7 43. Qb7+ Kg6 44. Qc6+ Kg7 45. Qe6 Rxe3 46. Qxf5 Bg3+ 0-1

[Event "Milan Crespi op-B 31th"]
[Site "Milan"]
[Date "2010.12.08"]
[Round "6"]
[White "Primerano, Carlo"]
[Black "Monticone, Sonia"]
[Result "0-1"]
[WhiteElo "1763"]
[BlackElo "1827"]
[PlyCount "76"]
[EventDate "2010.12.04"]
[EventType "swiss"]
[EventRounds "7"]
[EventCountry "ITA"]
[SourceTitle "EXT 2024"]
[Source "ChessBase"]
[SourceDate "2023.10.10"]
[SourceVersion "1"]
[SourceVersionDate "2023.10.10"]
[SourceQuality "1"]

1. d4 d5 2. c4 c6 3. cxd5 cxd5 4. Nf3 Nf6 5. Nc3 Bf5 6. Qb3 b6 7. Bf4 a6 8. e3 e6 9. Rc1 Bd6 10. Ne5 0-0 11. Be2 b5 12. 0-0 Ne4 13. Nxe4 dxe4 14. Nc6 Nxc6 15. Rxc6 Bxf4 16. exf4 Qxd4 17. Rd1 Qa7 18. Qc3 Rfd8 19. Rdd6 Qb8 20. Qd4 Rxd6 21. Rxd6 Qc7 22. g4 Bg6 23. a4 bxa4 24. Rd7 Qb8 25. Bxa6 Qf8 26. Qxa4 h6 27. Qc6 Rb8 28. Qc7 Qb4 29. Bb7 Qe1+ 30. Kg2 Rf8 31. Qe5 Qe2 32. h3 Qf3+ 33. Kg1 Qxh3 34. g5 Qg4+ 35. Kf1 hxg5 36. fxg5 Bf5 37. Rd4 Qxg5 38. Bxe4 Bh3+ 0-1